00586cam a2200217 a 4500001000800000005001700008008004100025010001700066020001500083035002000098040001900118041000800137042001400145060002300159080001100182082001100193100000600204101000800210245009700218504005300315481986520180222072941.0890502s1989 ilua b 000 0 eng d a 89061522  a0878223177 a(OCoLC)22542395 aDNLMcDLCdDLC aeng alccopycat00aWM 425bC6405 1989 a61 NEZ a61 NEZ a3 aSHM00aClinical decision making in behavior therapy :cedited by Arthur M. Nezu, Christine M. Nezu. aIncludes bibliographical references and indexes.